<?xml version="1.0" encoding="UTF-8"?>
<record
    xmlns:xsi="http://www.w3.org/2001/XMLSchema-instance"
    xsi:schemaLocation="http://www.loc.gov/MARC21/slim http://www.loc.gov/standards/marcxml/schema/MARC21slim.xsd"
    xmlns="http://www.loc.gov/MARC21/slim">

  <leader>02804nab a2200313 i 4500</leader>
  <controlfield tag="003">BR-BrBNA</controlfield>
  <controlfield tag="005">20240717155141.0</controlfield>
  <controlfield tag="008">240717b2017    bl.|r|pooa||| 00| 0 por |</controlfield>
  <datafield tag="040" ind1=" " ind2=" ">
    <subfield code="a">BR-BrBNA</subfield>
    <subfield code="b">por</subfield>
  </datafield>
  <datafield tag="072" ind1=" " ind2=" ">
    <subfield code="a">L73</subfield>
    <subfield code="b">5400</subfield>
  </datafield>
  <datafield tag="100" ind1=" " ind2=" ">
    <subfield code="a">Santos, A.S.O. </subfield>
  </datafield>
  <datafield tag="100" ind1=" " ind2=" ">
    <subfield code="a">Lemos, L.S. </subfield>
  </datafield>
  <datafield tag="100" ind1=" " ind2=" ">
    <subfield code="a">Viestel, M.A.D. </subfield>
  </datafield>
  <datafield tag="100" ind1=" " ind2=" ">
    <subfield code="a">Rodrigues, A.B.F. </subfield>
  </datafield>
  <datafield tag="100" ind1=" " ind2=" ">
    <subfield code="a">Almeida, L.G. </subfield>
  </datafield>
  <datafield tag="100" ind1=" " ind2=" ">
    <subfield code="a">Carvalho,  E.C.Q. </subfield>
  </datafield>
  <datafield tag="245" ind1=" " ind2=" ">
    <subfield code="a">Peritonite encapsulante esclerosante em c&#xE3;o (Canis familiaris): relato de caso</subfield>
  </datafield>
  <datafield tag="500" ind1=" " ind2=" ">
    <subfield code="a">
Publica&#xE7;&#xE3;o online; 9 ref.; 7 illus.; Summaries (En, Pt)</subfield>
  </datafield>
  <datafield tag="520" ind1=" " ind2=" ">
    <subfield code="a">

RESUMO - Um c&#xE3;o SRD, com cinco anos e hist&#xF3;rico de ascite de evolu&#xE7;&#xE3;o lenta com estruturas palp&#xE1;veis foi submetido a exames cl&#xED;nicos, os quais foram inconclusivos. A laparotomia explorat&#xF3;ria revelou que a cavidade abdominal estava repleta de l&#xED;quido serossanguinolento e de m&#xFA;ltiplos n&#xF3;dulos de diferentes tamanhos, com superf&#xED;cie irregular, aderidos aos perit&#xF4;nios visceral e parietal, sugestivos de neoplasia maligna. A eutan&#xE1;sia, seguida da necropsia para a coleta de amostras para o diagn&#xF3;stico histopatol&#xF3;gico, foi indicada. O exame anatomopatol&#xF3;gico revelou n&#xF3;dulos s&#xE9;sseis e resistentes ao corte, constitu&#xED;dos de tecido conjuntivo fibroso e trab&#xE9;culas &#xF3;sseas em arranjo de osso esponjoso e osteoclastos em atividade. O diagn&#xF3;stico definitivo foi peritonite encapsulante esclerosante.


Palavras-chave: c&#xE3;o, histopatologia, peritonite, fluido serossanguinolento </subfield>
  </datafield>
  <datafield tag="520" ind1=" " ind2=" ">
    <subfield code="a">

ABSTRACT - A 5-year-old dog with chronic ascites was submitted to several clinical exams, which were inconclusive. Laparotomy revealed abdominal serosanguinous fluid and multiple nodules of several sizes with irregular surface, with visceral and parietal adhesion to the peritoneum, resembling malignant neoplasia. Euthanasia followed by necropsy and collection of samples to histopathological diagnosis was performed. Pathological exam revealed sessile nodules resistant to cut and the microscopy evaluation showed fibrous connective tissue and trabecular bone with sponge bone arrangement associated with active osteoclasts. The definitive diagnosis was sclerosing encapsulating peritonitis.


Keywords: dog, histopathology, peritonitis, serosanguinous fluid </subfield>
  </datafield>
  <datafield tag="650" ind1=" " ind2=" ">
    <subfield code="a">C&#xC3;O</subfield>
  </datafield>
  <datafield tag="650" ind1=" " ind2=" ">
    <subfield code="a">HISTOPATOLOGIA</subfield>
  </datafield>
  <datafield tag="650" ind1=" " ind2=" ">
    <subfield code="a">PERITONITE</subfield>
  </datafield>
  <datafield tag="650" ind1=" " ind2=" ">
    <subfield code="a">LAPAROTOMIA</subfield>
  </datafield>
  <datafield tag="773" ind1="0" ind2=" ">
    <subfield code="0">1643</subfield>
    <subfield code="9">316243</subfield>
    <subfield code="d">Belo Horizonte-MG Universidade Federal de Minas Gerais - Escola de Veterinaria 1983</subfield>
    <subfield code="o">2024-2644</subfield>
    <subfield code="t">Arquivo Brasileiro de Medicina Veterin&#xE1;ria e Zootecnia (Brazil)</subfield>
    <subfield code="x">0102-0935</subfield>
    <subfield code="g">v. 69(5) p. 1203-1205; (2017)</subfield>
    <subfield code="w">BR2024002199</subfield>
  </datafield>
  <datafield tag="856" ind1=" " ind2=" ">
    <subfield code="u">https://www.scielo.br/j/abmvz/a/gmbbmgwTSryvghjhvszCFbL/?format=pdf&amp;lang=pt</subfield>
  </datafield>
  <datafield tag="942" ind1=" " ind2=" ">
    <subfield code="c">Anal&#xED;tica</subfield>
  </datafield>
  <datafield tag="999" ind1=" " ind2=" ">
    <subfield code="c">300570</subfield>
    <subfield code="d">300570</subfield>
  </datafield>
</record>
